000 00570nam a2200217Ia 4500
003 OSt
005 20220928140051.0
006 a|||||r|||| 00| 0
007 ta
008 220927b |||||||| |||| 00| 0 eng d
024 _a6272
037 _cTextual
040 _aSDCL
_cSDCL
_beng
041 _2eng
_aeng
082 _aO-,2J80,1:g, K2
100 _aBoklund Gunnar
_9493700
245 0 _aDuchess of malfi
_b Sources, themes, characters.
260 _c1982
942 _hO-,2J80,1:g, K2
_cTEXL
_2CC
999 _c809546
_d809546